[Event "2. ODEM U25 2005"]
[Site "Willingen GER"]
[Date "2005.05.17"]
[Round "4"]
[White "Winter, Jonathan"]
[Black "Volz, Daniel"]
[Result "1-0"]
[Termination "normal"]
[Board "31"]
[WhiteElo "1746"]
[BlackElo "1391"]
[PlyCount "163"]
[BlackFideId "4661125"]
[EventCountry "GER"]
[EventRounds "9"]
[EventType "swiss"]
[EventDate "2005.05.15"]

1. e4 e5 2. Nf3 Nc6 3. Bb5 a6 4. Bxc6 dxc6 5. O-O Bd6 6. d4 Bg4 7. dxe5 Bxf3 8.
Qxf3 Bxe5 9. Nc3 Bxc3 10. Qxc3 Nf6 11. f3 h6 12. Be3 O-O 13. Rad1 Qc8 14. Bxh6
Qe6 15. Be3 Rfd8 16. Qb3 Qxb3 17. axb3 Nh7 18. Bf4 Rac8 19. Kf2 Rxd1 20. Rxd1
Nf8 21. h3 c5 22. Ke2 Ne6 23. Be3 b6 24. Ra1 a5 25. Rd1 Kf8 26. h4 Ke7 27. g4
Rh8 28. Rh1 g5 29. h5 f6 30. Rd1 Rg8 31. Kf2 Rh8 32. Kg3 Rh7 33. f4 Rf7 34.
fxg5 fxg5 35. Rd5 c6 36. Bxg5+ Ke8 37. Re5 Kd7 38. Be3 Rf1 39. h6 Rh1 40. Rh5
Rxh5 41. gxh5 Nf8 42. Kf4 Ke6 43. Bd2 Nh7 44. Bc3 Nf8 45. Bg7 Nh7 46. Kg4 b5
47. Kf4 b4 48. Kg4 c4 49. bxc4 a4 50. c5 a3 51. bxa3 bxa3 52. Kf3 Kf7 53. Ke3
a2 54. Ba1 Nf6 55. Kf4 Nh7 56. Ke5 Ke7 57. Kd4 Kf7 58. Kc4 Kg8 59. Kb3 Ng5 60.
e5 Ne6 61. Kxa2 Nxc5 62. Bd4 Ne6 63. Be3 Kf7 64. Kb3 Nc7 65. Kc4 Nd5 66. Bg5
Nb6+ 67. Kc5 Nd7+ 68. Kd6 Nf8 69. Kxc6 Ke6 70. Bf6 Kf7 71. c4 Kg8 72. Kd6 Kh7
73. e6 Kg8 74. e7 Kf7 75. exf8=R+ Kxf8 76. h7 Kf7 77. h8=R Kxf6 78. Re8 Kf7 79.
Re6 Kg7 80. Ke7 Kh7 81. Kf7 Kh8 82. Rh6# 1-0

[Event "2. ODEM U25 2005"]
[Site "Willingen GER"]
[Date "2005.05.17"]
[Round "4"]
[White "Hinz, Arne"]
[Black "Lange, Vanessa"]
[Result "1-0"]
[Termination "normal"]
[Board "33"]
[WhiteElo "1679"]
[BlackElo "1295"]
[PlyCount "25"]
[WhiteFideId "24634875"]
[EventCountry "GER"]
[EventRounds "9"]
[EventType "swiss"]
[EventDate "2005.05.15"]

1. e4 e5 2. Nf3 Nf6 3. Bb5 Nc6 4. O-O a6 5. Ba4 b5 6. Bb3 Bb7 7. Re1 d5 8. exd5
Nxd5 9. d4 f6 10. dxe5 Na5 11. exf6+ Kf7 12. Ne5+ Ke6 13. Nc6+ 1-0

[Event "2. ODEM U25 2005"]
[Site "Willingen GER"]
[Date "2005.05.17"]
[Round "4"]
[White "Szczap, Arthur"]
[Black "Frey, Steffen"]
[Result "1-0"]
[Termination "normal"]
[Board "34"]
[WhiteElo "1660"]
[BlackElo "1248"]
[PlyCount "107"]
[WhiteFideId "24637394"]
[EventCountry "GER"]
[EventRounds "9"]
[EventType "swiss"]
[EventDate "2005.05.15"]

1. e4 e5 2. Nf3 Nc6 3. d4 exd4 4. Nxd4 Nf6 5. Nc3 Bb4 6. Nxc6 bxc6 7. Bd2 d5 8.
Bd3 O-O 9. exd5 cxd5 10. O-O Re8 11. a3 Bd6 12. h3 c6 13. Rb1 Ne4 14. Nxe4 dxe4
15. Bc4 Be6 16. Bxe6 Rxe6 17. Bc3 Qg5 18. Qe2 Rae8 19. Rbd1 Rg6 20. g4 Qf4 21.
f3 Qg3+ 22. Qg2 Qxg2+ 23. Kxg2 e3 24. Rfe1 Bf4 25. Rd3 Rge6 26. Bd4 a6 27. Kf1
e2+ 28. Kg2 h6 29. h4 Kh7 30. Bc3 Rb8 31. b3 Rbe8 32. Bd2 Bd6 33. b4 Bc7 34. f4
g6 35. Kf3 f6 36. Rd7+ R6e7 37. Rxe7+ Rxe7 38. Rxe2 Rxe2 39. Kxe2 Bd8 40. f5 g5
41. h5 Kg7 42. Kd3 Kf7 43. c4 Ke7 44. Be3 Kd7 45. Bc5 Be7 46. Kd4 Bd6 47. a4
Kc7 48. b5 axb5 49. Bxd6+ Kxd6 50. axb5 cxb5 51. cxb5 Kc7 52. Kd5 Kd7 53. b6
Kc8 54. Kc6 1-0

[Event "2. ODEM U25 2005"]
[Site "Willingen GER"]
[Date "2005.05.17"]
[Round "4"]
[White "Reh, Rebecca"]
[Black "Huynh, Nhi Lang"]
[Result "1-0"]
[Termination "normal"]
[Board "35"]
[WhiteElo "1650"]
[BlackElo "1241"]
[PlyCount "119"]
[BlackFideId "24669180"]
[EventCountry "GER"]
[EventRounds "9"]
[EventType "swiss"]
[EventDate "2005.05.15"]

1. e4 e5 2. Nf3 Nc6 3. Bc4 Bc5 4. c3 Nf6 5. d3 O-O 6. O-O d5 7. exd5 Nxd5 8.
Bg5 Be7 9. Bxe7 Ndxe7 10. Re1 Ng6 11. h3 Re8 12. Qb3 Rf8 13. Bb5 Na5 14. Qd1 c6
15. Ba4 b5 16. Bc2 Re8 17. b4 Nb7 18. d4 exd4 19. Nxd4 Rxe1+ 20. Qxe1 Qd6 21.
Bxg6 hxg6 22. Qe8+ Kh7 23. Qxc6 Qxc6 24. Nxc6 Nd6 25. Nd2 Bb7 26. Nd4 Re8 27.
Kf1 Rc8 28. Rc1 Bd5 29. a3 Ne4 30. Nxe4 Bxe4 31. f3 Bd3+ 32. Ke1 f6 33. Kd2 Bc4
34. Re1 Kh6 35. Re7 a6 36. Ra7 Bf1 37. g3 Bxh3 38. Rxa6 Rd8 39. Ke3 Re8+ 40.
Kf2 Bd7 41. Rd6 Re7 42. Rb6 Re5 43. Rd6 Be8 44. Re6 Rxe6 45. Nxe6 Bf7 46. Nc5
Bc4 47. a4 bxa4 48. Nxa4 Bb5 49. Nb6 g5 50. c4 Be8 51. Nd5 Kg6 52. b5 Bxb5 53.
cxb5 Kf5 54. b6 Ke6 55. b7 Kxd5 56. b8=Q Ke6 57. Qg8+ Kd7 58. Qxg7+ Kd8 59.
Qxf6+ Ke8 60. Qxg5 1-0

[Event "2. ODEM U25 2005"]
[Site "Willingen GER"]
[Date "2005.05.17"]
[Round "4"]
[White "Tsoumanis, Konstantinos"]
[Black "Schäfer, Simon"]
[Result "0-1"]
[Termination "normal"]
[Board "38"]
[WhiteElo "1204"]
[BlackElo "1395"]
[PlyCount "60"]
[EventCountry "GER"]
[EventRounds "9"]
[EventType "swiss"]
[EventDate "2005.05.15"]

1. e4 c5 2. Nf3 d6 3. d4 cxd4 4. Nxd4 Nf6 5. Nc3 Nc6 6. f3 Bd7 7. Be3 g6 8. Bc4
Bg7 9. Qd2 O-O 10. O-O-O a6 11. Bb3 b5 12. Bh6 Nxd4 13. Bxg7 Nxb3+ 14. axb3
Kxg7 15. h4 b4 16. Na2 a5 17. g4 Nxg4 18. fxg4 Bxg4 19. Rde1 Rc8 20. Rhg1 Be6
21. Kb1 d5 22. Qh2 Qc7 23. e5 Bf5 24. Re2 h5 25. Rf2 e6 26. Rgg2 Rfd8 27. Ka1
Qa7 28. Qf4 Rc7 29. Kb1 Rdc8 30. Qd2 Rxc2 0-1

[Event "2. ODEM U25 2005"]
[Site "Willingen GER"]
[Date "2005.05.17"]
[Round "4"]
[White "Nöttling, Dominik"]
[Black "Frey, Nicole"]
[Result "0-1"]
[Termination "normal"]
[Board "39"]
[WhiteElo "1179"]
[BlackElo "1694"]
[PlyCount "62"]
[WhiteFideId "24672807"]
[BlackFideId "4690176"]
[EventCountry "GER"]
[EventRounds "9"]
[EventType "swiss"]
[EventDate "2005.05.15"]

1. e4 e5 2. Nf3 Nf6 3. Nc3 Bb4 4. d3 O-O 5. Be2 d5 6. O-O Re8 7. Bg5 c6 8. Bxf6
Qxf6 9. exd5 Bxc3 10. bxc3 cxd5 11. Qd2 Nc6 12. Rab1 b6 13. Rfe1 Bb7 14. c4
dxc4 15. dxc4 e4 16. Ng5 e3 17. fxe3 Qxg5 18. Bf3 Rad8 19. Qc3 Na5 20. Bxb7
Nxb7 21. Rb5 Qh4 22. g3 Qe4 23. Rg5 g6 24. Qf6 Rd2 25. Qf1 Nd6 26. c5 Nc4 27.
cxb6 Nxe3 28. bxa7 Rg2+ 29. Kh1 Rf2+ 30. Kg1 Rxf1+ 31. Rxf1 Qg2# 0-1

[Event "2. ODEM U25 2005"]
[Site "Willingen GER"]
[Date "2005.05.17"]
[Round "4"]
[White "Rosenkranz, Christian"]
[Black "Kling, Felix"]
[Result "0-1"]
[Termination "normal"]
[Board "41"]
[WhiteElo "1232"]
[BlackElo "1513"]
[PlyCount "62"]
[WhiteFideId "24674494"]
[EventCountry "GER"]
[EventRounds "9"]
[EventType "swiss"]
[EventDate "2005.05.15"]

1. e4 d6 2. d4 Nf6 3. Nc3 c6 4. Nf3 Bg4 5. Be2 e6 6. O-O d5 7. exd5 cxd5 8. Ne5
Bxe2 9. Qxe2 a6 10. Bf4 Bd6 11. Bg3 O-O 12. Bh4 Be7 13. Rad1 Ne4 14. Bxe7 Nxc3
15. bxc3 Qxe7 16. Qe3 b5 17. Rd3 Rc8 18. Re1 Nd7 19. Qh3 Nxe5 20. Rxe5 g6 21.
f4 Qf6 22. Qh6 Qg7 23. Rh5 Qxh6 24. Rxh6 Kg7 25. Rdh3 Rh8 26. g4 Rac8 27. f5
exf5 28. gxf5 Rc4 29. f6+ Kxf6 30. Rxh7 Rxh7 31. Rxh7 Rxc3 0-1

[Event "2. ODEM U25 2005"]
[Site "Willingen GER"]
[Date "2005.05.17"]
[Round "4"]
[White "Zimmerer, David"]
[Black "Reinke, Martin"]
[Result "0-1"]
[Termination "normal"]
[Board "42"]
[WhiteElo "1193"]
[BlackElo "1574"]
[PlyCount "114"]
[WhiteFideId "4620224"]
[BlackFideId "4620518"]
[EventCountry "GER"]
[EventRounds "9"]
[EventType "swiss"]
[EventDate "2005.05.15"]

1. d4 d5 2. Bf4 Nf6 3. e3 e6 4. Nd2 c5 5. c3 Nbd7 6. Ngf3 Be7 7. Be2 O-O 8. O-O
Nh5 9. Bg3 Nxg3 10. fxg3 Nf6 11. Re1 c4 12. Bf1 b5 13. a3 Bb7 14. Qc2 h6 15.
Ne5 Nd7 16. Nxd7 Qxd7 17. Nf3 f6 18. Be2 Bd6 19. Rf1 e5 20. dxe5 fxe5 21. Nd2
Bc5 22. Rxf8+ Rxf8 23. Nf1 Qf7 24. Bg4 d4 25. Bf3 Bxf3 26. gxf3 Qxf3 27. Qg2
dxe3 28. Qxf3 Rxf3 29. Kg2 Rf2+ 30. Kh3 e2 31. Nd2 e1=Q 32. Rxe1 Rxd2 33. Rxe5
Bg1 34. Kg4 Rxb2 35. Re8+ Kf7 36. Re5 Bxh2 37. Re4 Rf2 38. Re5 a6 39. Re3 Rf6
40. Rf3 Rxf3 41. Kxf3 Bg1 42. g4 Bc5 43. g5 Kg6 44. gxh6 Kxh6 45. Ke2 Bxa3 46.
Kd1 Kg5 47. Ke2 Kf4 48. Kd1 Ke3 49. Ke1 g5 50. Kf1 Bb2 51. Ke1 a5 52. Kd1 Bxc3
53. Kc2 b4 54. Kc1 g4 55. Kc2 g3 56. Kc1 g2 57. Kc2 Bd2 0-1

[Event "2. ODEM U25 2005"]
[Site "Willingen GER"]
[Date "2005.05.17"]
[Round "4"]
[White "Plumbaum, Nadja"]
[Black "Teltewskoi, Alexander"]
[Result "1/2-1/2"]
[Termination "normal"]
[Board "43"]
[WhiteElo "940"]
[BlackElo "1312"]
[PlyCount "70"]
[WhiteFideId "24691941"]
[EventCountry "GER"]
[EventRounds "9"]
[EventType "swiss"]
[EventDate "2005.05.15"]

1. c4 c5 2. Nc3 Nc6 3. Nf3 g6 4. g3 Bg7 5. Bg2 Nf6 6. O-O O-O 7. d3 b6 8. Bd2
Bb7 9. b3 e6 10. e4 Nd4 11. Nxd4 cxd4 12. Nb5 e5 13. Bb4 Re8 14. Nd6 Re6 15.
Nxb7 Qc7 16. Bh3 Rc6 17. Nd6 a6 18. f4 Rxd6 19. Bxd6 Qxd6 20. fxe5 Qxe5 21. Qd2
Qh5 22. Bg2 Bh6 23. Qd1 Ng4 24. h3 Ne3 25. Qxh5 gxh5 26. e5 Re8 27. Rf6 Bg5 28.
Rxb6 a5 29. Rb7 Re7 30. h4 Nc2 31. Rb1 Bd2 32. Bc6 Rxe5 33. Rxd7 Re3 34. Rd8+
Kg7 35. Re8 Rxg3+ 1/2-1/2

[Event "2. ODEM U25 2005"]
[Site "Willingen GER"]
[Date "2005.05.17"]
[Round "4"]
[White "Sonnhalter, Stella"]
[Black "Lebeda, Lukas"]
[Result "0-1"]
[Termination "normal"]
[Board "44"]
[WhiteElo "1262"]
[BlackElo "1222"]
[PlyCount "98"]
[WhiteFideId "4624815"]
[EventCountry "GER"]
[EventRounds "9"]
[EventType "swiss"]
[EventDate "2005.05.15"]

1. e4 c5 2. Nf3 d6 3. d4 cxd4 4. Nxd4 g6 5. Nc3 Bg7 6. Be3 Nf6 7. Bc4 O-O 8.
Qd2 e5 9. Nf3 Nc6 10. h3 Bd7 11. O-O a6 12. a4 Na7 13. a5 Bc6 14. Bd5 Bxd5 15.
exd5 Qd7 16. Bb6 Nb5 17. Rfe1 Nxc3 18. Qxc3 Nxd5 19. Qc4 Nxb6 20. axb6 Rac8 21.
Qb3 Qc6 22. c3 Qc4 23. Ra3 Qxb3 24. Rxb3 Rc6 25. Rd1 Rd8 26. Kf1 d5 27. Rb4 Bf8
28. Nxe5 Bxb4 29. Nxc6 bxc6 30. cxb4 Rb8 31. Rc1 Rxb6 32. g3 Kf8 33. Kg2 Ke7
34. Ra1 Kf6 35. Kf3 Rxb4 36. Rxa6 Rc4 37. Ke3 h5 38. h4 Re4+ 39. Kf3 Re6 40.
Ra5 Kf5 41. Rc5 Ke5 42. Rc3 f6 43. g4 Rd6 44. Rd3 d4 45. gxh5 gxh5 46. b3 Rd8
47. Rd2 Rb8 48. Rd3 Rb4 49. Ke2 Ke4 0-1

[Event "2. ODEM U25 2005"]
[Site "Willingen GER"]
[Date "2005.05.17"]
[Round "4"]
[White "Usov, Andreas"]
[Black "Fabritius, Norbert"]
[Result "1/2-1/2"]
[Termination "normal"]
[Board "45"]
[WhiteElo "1101"]
[BlackElo "1321"]
[PlyCount "64"]
[WhiteFideId "24601713"]
[BlackFideId "24662178"]
[EventCountry "GER"]
[EventRounds "9"]
[EventType "swiss"]
[EventDate "2005.05.15"]

1. e4 e5 2. Nf3 Nc6 3. Nc3 Nf6 4. Bb5 Bb4 5. Bxc6 bxc6 6. Nxe5 Qe7 7. Nf3 Nxe4
8. O-O O-O 9. Qe2 Nxc3 10. Qxe7 Bxe7 11. dxc3 Ba6 12. Re1 Bf6 13. Bf4 d6 14.
Bg5 Bxg5 15. Nxg5 Rfe8 16. Nf3 Kf8 17. Nd4 Bb7 18. h3 a6 19. Nb3 Rxe1+ 20. Rxe1
Re8 21. Rxe8+ Kxe8 22. c4 c5 23. Kf1 Ke7 24. g3 Ke6 25. Ke2 Kf5 26. Ke3 g5 27.
f3 Ke5 28. Na5 Ba8 29. Nb3 f5 30. g4 f4+ 31. Ke2 Ke6 32. Nd2 h6 1/2-1/2

[Event "2. ODEM U25 2005"]
[Site "Willingen GER"]
[Date "2005.05.17"]
[Round "4"]
[White "Strohmann, Marc"]
[Black "Nitsche-Hahn, Raphael"]
[Result "1/2-1/2"]
[Termination "normal"]
[Board "46"]
[WhiteElo "1267"]
[BlackElo "1086"]
[PlyCount "60"]
[BlackFideId "4613120"]
[EventCountry "GER"]
[EventRounds "9"]
[EventType "swiss"]
[EventDate "2005.05.15"]

1. f4 f5 2. e3 g6 3. Nf3 Bg7 4. Be2 b6 5. O-O Nf6 6. Nc3 O-O 7. Qe1 Bb7 8. Qh4
e6 9. Ng5 h6 10. Nf3 Nc6 11. b3 Ne4 12. Qxd8 Raxd8 13. Bb2 Ne7 14. Na4 Bxb2 15.
Nxb2 g5 16. fxg5 hxg5 17. h3 Ng3 18. Rfe1 Nxe2+ 19. Rxe2 Bxf3 20. gxf3 Kg7 21.
Rg2 Kf6 22. Kh2 Rg8 23. Rag1 Rg6 24. Nd1 Rdg8 25. Nc3 a6 26. a4 a5 27. Nb5 c5
28. Nd6 Nc8 29. Nc4 d5 30. Nb2 Nd6 1/2-1/2

[Event "2. ODEM U25 2005"]
[Site "Willingen GER"]
[Date "2005.05.17"]
[Round "4"]
[White "Gheng, Christian"]
[Black "Chernova, Margarita"]
[Result "0-1"]
[Termination "normal"]
[Board "47"]
[WhiteElo "743"]
[BlackElo "1187"]
[PlyCount "76"]
[WhiteFideId "24660345"]
[EventCountry "GER"]
[EventRounds "9"]
[EventType "swiss"]
[EventDate "2005.05.15"]

1. e4 e5 2. Nf3 Nc6 3. Bc4 Nf6 4. c3 Nxe4 5. d4 exd4 6. cxd4 Bb4+ 7. Bd2 Nxd2
8. Nbxd2 Qe7+ 9. Ne5 Nxe5 10. dxe5 Qxe5+ 11. Kf1 Bxd2 12. Qxd2 O-O 13. Re1 Qf6
14. Qb4 d6 15. g3 Bh3+ 16. Kg1 Qf3 17. Bf1 Bxf1 18. Rxf1 Rae8 19. Qc4 c5 20. b4
cxb4 21. Qxb4 Qc6 22. Rb1 b6 23. Rd1 Qc5 24. Qf4 Re6 25. Kg2 Rf6 26. Qe4 Qxf2+
27. Kh3 Rh6+ 28. Qh4 Rxh4+ 29. Kxh4 Re8 30. Rd3 Qf6+ 31. Kg4 Qg6+ 32. Kh3 Qxd3
33. Rc1 h6 34. Rc6 Re2 35. Rc8+ Kh7 36. Ra8 Qf5+ 37. Kh4 Re4+ 38. g4 Qxg4# 0-1

[Event "2. ODEM U25 2005"]
[Site "Willingen GER"]
[Date "2005.05.17"]
[Round "4"]
[White "Hauffen, Kai"]
[Black "Sadjjadi, Bijan Viktor"]
[Result "1-0"]
[Termination "normal"]
[Board "48"]
[WhiteElo "1120"]
[BlackElo "750"]
[PlyCount "95"]
[EventCountry "GER"]
[EventRounds "9"]
[EventType "swiss"]
[EventDate "2005.05.15"]

1. e4 e5 2. Nf3 Nc6 3. Bc4 Nf6 4. d3 Bc5 5. Bg5 d6 6. h3 O-O 7. Nc3 Be6 8. Nd5
Bxd5 9. Bxd5 h6 10. Be3 Bxe3 11. fxe3 Nxd5 12. exd5 Nb4 13. O-O Nxd5 14. e4 Ne3
15. Qe2 Nxf1 16. Rxf1 f5 17. exf5 Rxf5 18. Qe4 Rf4 19. Qg6 Qf6 20. Qh5 Kh7 21.
Nd2 Rxf1+ 22. Nxf1 g6 23. Qe2 Rf8 24. b3 Qxf1+ 25. Qxf1 Rxf1+ 26. Kxf1 Kg7 27.
Ke2 Kf6 28. Ke3 d5 29. g3 g5 30. g4 c5 31. c3 b5 32. a3 d4+ 33. cxd4 exd4+ 34.
Ke4 Ke6 35. b4 Kd6 36. Kf3 cxb4 37. axb4 Ke6 38. Ke4 Kd6 39. Kxd4 Kc6 40. Ke5
Kb6 41. d4 a5 42. bxa5+ Kxa5 43. d5 Kb6 44. d6 Kc6 45. Ke6 b4 46. d7 b3 47.
d8=Q b2 48. Qd1 1-0

[Event "2. ODEM U25 2005"]
[Site "Willingen GER"]
[Date "2005.05.17"]
[Round "5"]
[White "Hort, Alexej"]
[Black "Banik, Thorsten"]
[Result "1/2-1/2"]
[Termination "normal"]
[Board "1"]
[WhiteElo "2105"]
[BlackElo "2107"]
[PlyCount "117"]
[WhiteFideId "4678125"]
[BlackFideId "4659376"]
[EventCountry "GER"]
[EventRounds "9"]
[EventType "swiss"]
[EventDate "2005.05.15"]

1. d4 Nf6 2. c4 g6 3. Nc3 d5 4. cxd5 Nxd5 5. e4 Nxc3 6. bxc3 Bg7 7. Bc4 c5 8.
Ne2 O-O 9. O-O cxd4 10. cxd4 Nc6 11. Be3 a6 12. Rc1 Bd7 13. Qd2 b5 14. Bd5 Rc8
15. Bh6 e6 16. Bxg7 Kxg7 17. Bb3 Na5 18. Rxc8 Bxc8 19. Rc1 Bb7 20. Ng3 Qb6 21.
Rd1 h6 22. Qf4 Nxb3 23. axb3 a5 24. Rd3 f6 25. d5 a4 26. dxe6 Qxe6 27. bxa4
bxa4 28. h4 Qe5 29. Qe3 f5 30. f4 Qa1+ 31. Kh2 Bxe4 32. Nxe4 fxe4 33. Qxe4 Qf6
34. g3 a3 35. Rd7+ Rf7 36. Rxf7+ Qxf7 37. Qd4+ Kh7 38. h5 a2 39. hxg6+ Kxg6 40.
Qe4+ Kg7 41. Qe5+ Kg8 42. Qa5 Qe6 43. Qd8+ Kg7 44. Qc7+ Qf7 45. Qe5+ Kg8 46.
Qa5 Kh7 47. Qe5 h5 48. Qe4+ Kh6 49. Qe5 Kh7 50. Qe4+ Kg7 51. Qd4+ Kg8 52. Qe5
Qc4 53. Qe8+ Kg7 54. Qe7+ Qf7 55. Qg5+ Qg6 56. Qe7+ Kh6 57. Qe5 Qc2+ 58. Kh3
Qc8+ 59. Kh2 1/2-1/2

[Event "2. ODEM U25 2005"]
[Site "Willingen GER"]
[Date "2005.05.17"]
[Round "5"]
[White "Braun, Vitali"]
[Black "Zentgraf, Robert"]
[Result "1/2-1/2"]
[Termination "normal"]
[Board "2"]
[WhiteElo "2232"]
[BlackElo "2082"]
[PlyCount "81"]
[WhiteFideId "4684915"]
[BlackFideId "4676483"]
[EventCountry "GER"]
[EventRounds "9"]
[EventType "swiss"]
[EventDate "2005.05.15"]

1. e4 c5 2. c3 d5 3. exd5 Qxd5 4. d4 e5 5. Nf3 cxd4 6. cxd4 Nc6 7. Nc3 Bb4 8.
Bd2 Bxc3 9. Bxc3 e4 10. Ne5 Nxe5 11. dxe5 Ne7 12. Qa4+ Bd7 13. Qb4 a5 14. Qa3
b5 15. Rd1 b4 16. Rxd5 bxa3 17. Rd2 axb2 18. Bxb2 Rb8 19. Bc4 Bb5 20. Bxb5+
Rxb5 21. Ke2 O-O 22. Ke3 Re8 23. Rhd1 Nc6 24. Kxe4 Nxe5 25. Rd8 f5+ 26. Ke3
Rxd8 27. Rxd8+ Kf7 28. Bc3 Ng4+ 29. Kf4 Nf6 30. Bd4 Ke6 31. Ra8 Rb4 32. Ke3 Ra4
33. Ra6+ Kf7 34. Kd3 Rxa2 35. Kc3 a4 36. Kb4 Rd2 37. Kc4 Rc2+ 38. Kb4 Rd2 39.
Kc4 Rc2+ 40. Kb4 Rd2 41. Kc4 1/2-1/2

[Event "2. ODEM U25 2005"]
[Site "Willingen GER"]
[Date "2005.05.17"]
[Round "5"]
[White "Kühner, Christian"]
[Black "Krensing, Jan"]
[Result "1/2-1/2"]
[Termination "normal"]
[Board "3"]
[WhiteElo "2150"]
[BlackElo "2233"]
[PlyCount "104"]
[WhiteFideId "4679440"]
[BlackFideId "4671694"]
[EventCountry "GER"]
[EventRounds "9"]
[EventType "swiss"]
[EventDate "2005.05.15"]

1. e4 e6 2. d4 d5 3. exd5 exd5 4. Nf3 Bg4 5. Be2 Nc6 6. h3 Bh5 7. Bf4 Bd6 8.
Qd2 Nf6 9. Nc3 Ne4 10. Nxe4 dxe4 11. Ne5 Bxe5 12. Bxe5 Nxe5 13. Bxh5 Nc4 14.
Qb4 Nd6 15. O-O O-O 16. c4 Qg5 17. Be2 Rad8 18. Rad1 Nf5 19. Qc3 Qf6 20. d5
Qxc3 21. bxc3 b6 22. Rfe1 Nd6 23. g4 Rfe8 24. Bf1 f6 25. Rd4 Re5 26. Bg2 Rde8
27. c5 bxc5 28. Ra4 Nc8 29. Raxe4 Rxe4 30. Bxe4 g6 31. Kf1 Nd6 32. Bd3 Rxe1+
33. Kxe1 Kf7 34. c4 Ke7 35. Kd2 Nf7 36. f4 Nd6 37. Kc3 Kd7 38. Bc2 Nc8 39. Be4
Ke7 40. Bf3 g5 41. fxg5 fxg5 42. Kd3 Kf6 43. Ke3 Ke5 44. Be4 h6 45. Bd3 Nb6 46.
a3 Na4 47. Bf1 Nb2 48. Be2 a6 49. Bf1 Nd1+ 50. Kd2 Nf2 51. Ke3 Ne4 52. Bd3 Nd6
1/2-1/2

[Event "2. ODEM U25 2005"]
[Site "Willingen GER"]
[Date "2005.05.17"]
[Round "5"]
[White "Vandenbergen, Nicolas"]
[Black "Schinkowski, Christoph"]
[Result "0-1"]
[Termination "normal"]
[Board "4"]
[WhiteElo "2057"]
[BlackElo "2193"]
[PlyCount "44"]
[BlackFideId "4686632"]
[EventCountry "GER"]
[EventRounds "9"]
[EventType "swiss"]
[EventDate "2005.05.15"]

1. Nc3 c5 2. Nf3 Nc6 3. d4 cxd4 4. Nxd4 g6 5. Be3 Bg7 6. Nxc6 bxc6 7. Bd4 Nf6
8. Ne4 Qa5+ 9. Qd2 Qf5 10. Bxf6 Bxf6 11. Nxf6+ Qxf6 12. c3 O-O 13. g3 d5 14.
Bg2 e5 15. O-O Be6 16. e4 Rfd8 17. Qe3 d4 18. cxd4 Rxd4 19. Rfc1 Rad8 20. Rxc6
Rd1+ 21. Rxd1 Rxd1+ 22. Bf1 Rxf1+ 0-1

[Event "2. ODEM U25 2005"]
[Site "Willingen GER"]
[Date "2005.05.17"]
[Round "5"]
[White "Patzer, Stefan"]
[Black "Lantzsch, Christian"]
[Result "1/2-1/2"]
[Termination "normal"]
[Board "5"]
[WhiteElo "1997"]
[BlackElo "2141"]
[PlyCount "81"]
[WhiteFideId "24601209"]
[BlackFideId "4659821"]
[EventCountry "GER"]
[EventRounds "9"]
[EventType "swiss"]
[EventDate "2005.05.15"]

1. f4 g5 2. fxg5 e5 3. d3 d5 4. Nf3 Nc6 5. e4 d4 6. Be2 h6 7. O-O Be6 8. c3 Qd7
9. c4 Be7 10. a3 Bg4 11. gxh6 Nxh6 12. b4 f6 13. Nh4 Bxe2 14. Qxe2 Qg4 15. Qxg4
Nxg4 16. Nf3 O-O-O 17. h3 Ne3 18. Rf2 Rdg8 19. Kh1 Ng4 20. Re2 a5 21. b5 Nd8
22. Nh2 Nxh2 23. Kxh2 Ne6 24. Raa2 Nc5 25. Rad2 a4 26. Rd1 Rg6 27. Rf2 Kd7 28.
Rf3 b6 29. Nd2 Nb3 30. Nf1 Ra8 31. Bb2 Rh8 32. Rg3 Rxg3 33. Nxg3 Bf8 34. Nf5
Bh6 35. Nxh6 Rxh6 36. Bc1 Rh7 37. Bd2 Nc5 38. Bb4 Ne6 39. Bd2 Nc5 40. Bb4 Ne6
41. Bd2 1/2-1/2

[Event "2. ODEM U25 2005"]
[Site "Willingen GER"]
[Date "2005.05.17"]
[Round "5"]
[White "Bietz, Fabian"]
[Black "Müer, Sebastian"]
[Result "1-0"]
[Termination "normal"]
[Board "8"]
[WhiteElo "2028"]
[BlackElo "1793"]
[PlyCount "47"]
[WhiteFideId "24625930"]
[EventCountry "GER"]
[EventRounds "9"]
[EventType "swiss"]
[EventDate "2005.05.15"]

1. f4 g6 2. Nf3 c5 3. e4 Bg7 4. Bc4 e6 5. Nc3 Ne7 6. O-O a6 7. d4 b5 8. Be2
cxd4 9. Nxd4 Bb7 10. f5 gxf5 11. exf5 Bxd4+ 12. Qxd4 Rg8 13. Bf3 Bxf3 14. Rxf3
Nxf5 15. Rxf5 exf5 16. Nd5 d6 17. Nf6+ Ke7 18. Nxg8+ Qxg8 19. Bf4 Qg6 20. Re1+
Kd7 21. Qh8 Qg4 22. Qe8+ Kc7 23. Qe7+ Kc8 24. Qxd6 1-0

[Event "2. ODEM U25 2005"]
[Site "Willingen GER"]
[Date "2005.05.17"]
[Round "5"]
[White "Gölz, Daniel"]
[Black "Siebarth, Marco"]
[Result "1-0"]
[Termination "normal"]
[Board "10"]
[WhiteElo "1809"]
[BlackElo "2011"]
[PlyCount "116"]
[WhiteFideId "24626325"]
[BlackFideId "24604330"]
[EventCountry "GER"]
[EventRounds "9"]
[EventType "swiss"]
[EventDate "2005.05.15"]

1. e4 c5 2. Nc3 Nc6 3. g3 d6 4. Bg2 g6 5. Nge2 Bg7 6. d3 e6 7. Be3 Nd4 8. O-O
Ne7 9. Qd2 O-O 10. f4 a6 11. g4 f5 12. h3 Rb8 13. Ng3 b5 14. Nd1 Qc7 15. c3
Ndc6 16. d4 c4 17. gxf5 gxf5 18. Nh5 fxe4 19. Nxg7 Kxg7 20. Bxe4 d5 21. Bf3 Nf5
22. Bg4 Nce7 23. Bf2 Nc6 24. Bxf5 exf5 25. Bg3 Bd7 26. Ne3 Qd6 27. Qg2 Be6 28.
a3 Rbe8 29. Qf3 Bg8 30. h4 Re4 31. h5 Ne7 32. Bh4 h6 33. Rf2 Be6 34. Kh1 Rg8
35. Nf1 Bf7 36. Ng3 Kf8 37. Nxe4 dxe4 38. Qh3 Bd5 39. Kh2 Rg4 40. Re1 Ng8 41.
Re3 Bf7 42. Rg2 Rxg2+ 43. Qxg2 Qxf4+ 44. Qg3 Qxg3+ 45. Kxg3 Bxh5 46. Kf4 Ne7
47. Bxe7+ Kxe7 48. Kxf5 Bf3 49. Ke5 h5 50. Kf5 Kd6 51. Kg5 Ke6 52. Re1 Kd5 53.
Rf1 Bg4 54. Kf4 Bf3 55. Rg1 a5 56. Rg5+ Kc6 57. Rc5+ Kd6 58. Rxb5 h4 1-0

[Event "2. ODEM U25 2005"]
[Site "Willingen GER"]
[Date "2005.05.17"]
[Round "5"]
[White "Neidlinger, Markus"]
[Black "Schneider, Christian"]
[Result "1-0"]
[Termination "normal"]
[Board "11"]
[WhiteElo "2110"]
[BlackElo "1992"]
[PlyCount "73"]
[WhiteFideId "4697839"]
[BlackFideId "24613886"]
[EventCountry "GER"]
[EventRounds "9"]
[EventType "swiss"]
[EventDate "2005.05.15"]

1. e4 c6 2. d4 d5 3. exd5 cxd5 4. Nf3 Nc6 5. Be3 Bg4 6. Nbd2 Nf6 7. Be2 e6 8.
O-O Be7 9. c4 O-O 10. c5 Ne4 11. Ne1 Bxe2 12. Qxe2 b6 13. Nxe4 dxe4 14. Nc2 f5
15. Rfd1 f4 16. Bc1 Qd5 17. b4 Rad8 18. Bb2 Bf6 19. b5 Na5 20. Bc3 f3 21. Qf1
fxg2 22. Qxg2 Bh4 23. Ne3 Qh5 24. Rd2 Rf6 25. Qxe4 Rg6+ 26. Kh1 Qg5 27. f4 Qf6
28. Bxa5 bxa5 29. c6 Rc8 30. Rc1 Rh6 31. Ng4 Qg6 32. Qxg6 Rxg6 33. Ne3 Rf6 34.
d5 exd5 35. Nxd5 Rd6 36. Nb6 Rcxc6 37. bxc6 1-0